Sistema de acceso a la información y difusión artística (Record no. 182151)

MARC details
000 -LEADER
campo de control de longitud fija 00953nam a2200217 i 4500
001 - NÚMERO DE CONTROL
campo de control 182151
003 - IDENTIFICADOR DE NÚMERO DE CONTROL
campo de control ES-MaACL
005 - FECHA Y HORA DE LA ÚLTIMA TRANSACCIÓN
campo de control 20231022165126.0
008 - DATOS DE LONGITUD FIJA--INFORMACIÓN GENERAL
campo de control de longitud fija 130620s1999 sp | |||| ||spa d
020 ## - NÚMERO INTERNACIONAL ESTÁNDAR DEL LIBRO
Número Internacional Estándar del Libro 84-8198-289-X
080 ## - NÚMERO DE LA CLASIFICACIÓN DECIMAL UNIVERSAL
Número de la Clasificación Decimal Universal 026:7(063)
111 0# - ENTRADA PRINCIPAL--NOMBRE DE CONGRESO/REUNIÓN
Nombre de congreso/reunión o jurisdicción como elemento de entrada Encuentro de Bibliotecas de Arte de España y Portugal (
Número del congreso/reunión o número de parte o sección 7º.
Fecha del congreso o de la firma del tratado 1999.
Sede del congreso/Lugar de la reunión Madrid)
9 (RLIN) 618
245 10 - MENCIÓN DEL TÍTULO
Título Sistema de acceso a la información y difusión artística
Resto del título : actas /
Mención de responsabilidad, etc. VII Encuentro de Bibliotecas de Arte de España y Portugal, Centro Cultural Conde Duque, Madrid, 21, 22 y 23 de abril de 1999 ; comité organizador, Mª Rita Albi ... [et al.].
260 ## - PUBLICACIÓN, DISTRIBUCIÓN, ETC.
Lugar de publicación, distribución, etc. [Santander] :
Nombre del editor, distribuidor, etc. Fundación Marcelino Botín,
Fecha de publicación, distribución, etc. [1999]
300 ## - DESCRIPCIÓN FÍSICA
Extensión 167 p. ;
Dimensiones 24 cm.
650 04 - PUNTO DE ACCESO ADICIONAL DE MATERIA--TÉRMINO DE MATERIA
Término de materia o nombre geográfico como elemento de entrada Bibliotecas de arte-
Subdivisión de forma Congresos y asambleas.
9 (RLIN) 10542
700 1# - ENTRADA AGREGADA--NOMBRE PERSONAL
Nombre de persona Albi, María Rita.
9 (RLIN) 152939
852 ## - LOCALIZACIÓN
Ubicación ES-MaACL
Número de control de estantería A-12715
itemnumber 189062
Sublocalización o colección R.189062
Ubicación en estantería Depósito 1
Signatura antigua Olim: N-5715
942 ## - ELEMENTOS DE ENTRADA SECUNDARIOS (KOHA)
Fuente del sistema de clasificación o colocación Clasificación decimal universal
Tipo de ítem Koha Libro impreso
Holdings
Estatus retirado Estado de pérdida Fuente del sistema de clasificación o colocación Estado de daño No para préstamo Biblioteca de origen Biblioteca actual Ubicación en estantería Fecha de adquisición Fuente de adquisición Total de préstamos Signatura topográfica completa Código de barras Visto por última vez Precio de reemplazo Tipo de ítem Koha
    Clasificación decimal universal     Biblioteca del Ateneo de Madrid Biblioteca del Ateneo de Madrid Depósito 1 20/06/2013 Donación   A-12715 1191420 23/02/2023 23/02/2023 Libro impreso